Повести, рассказы: пер. с англ.; Хорошо ловится рыбка-бананка; Лапа-растяпа; Перед самой войной с эскимосами; Человек, который смеялся; В лодке; Дорогой Эсме с любовью-и всякой нежностью; И эти губы, и глаза зеленые; Голубой период де Домье-Смита; Тедди; Выше стропила, плотники; Симор: введение; Фрэнни; Зуи; Шестнадцатый деньХэпворта 1924 года

Detaylı Bibliyografya
Yazar: Сэлинджер Дж. Д. Джером Дэвид
Özet:На тит. л.: Селинджер, Дж. Д.
Dil:Rusça
Baskı/Yayın Bilgisi: Ростов-на-Дону, Феникс, 1999
TOC:Хорошо ловится рыбка-бананка; Лапа-растяпа; Перед самой войной с эскимосами; Человек, который смеялся; В лодке; Дорогой Эсме с любовью-и всякой нежностью; И эти губы, и глаза зеленые; Голубой период де Домье-Смита; Тедди;
Выше стропила, плотники; Симор: введение; Фрэнни; Зуи; Шестнадцатый деньХэпворта 1924 года;
Seri Bilgileri:Классики XX века
Konular:
Materyal Türü: Kitap
KOHA link:https://koha.lib.tpu.ru/cgi-bin/koha/opac-detail.pl?biblionumber=30676

MARC

LEADER 00000nam0a2200000 4500
001 30676
005 20231101210004.0
010 |a 9660305370 
035 |a (RuTPU)RU\TPU\book\30950 
035 |a BOOK00031027 
090 |a 30676 
100 |a 20011209d1999 m y0rusy50 ca 
101 1 |a rus  |c eng 
102 |a UA  |a RU 
105 |a y z 000ay 
200 1 |a Повести, рассказы  |e пер. с англ.  |f Дж. Д. Сэлинджер 
210 |a Ростов-на-Дону  |a Харьков  |c Феникс  |c Фолио  |d 1999 
215 |a 480 с. 
225 1 |a Классики XX века 
300 |a На тит. л.: Селинджер, Дж. Д. 
464 |t Хорошо ловится рыбка-бананка; Лапа-растяпа; Перед самой войной с эскимосами; Человек, который смеялся; В лодке; Дорогой Эсме с любовью-и всякой нежностью; И эти губы, и глаза зеленые; Голубой период де Домье-Смита; Тедди  |o рассказы 
464 |t Выше стропила, плотники; Симор: введение; Фрэнни; Зуи; Шестнадцатый деньХэпворта 1924 года  |o повести 
610 1 |a рассказы 
610 1 |a повести 
610 1 |a американская литература 
610 1 |a художественная литература 
675 |a 82  |v 3 
700 1 |a Сэлинджер  |b Дж. Д.  |c американский писатель  |f 1919-2010  |g Джером Дэвид  |2 stltpush  |3 (RuTPU)RU\TPU\pers\21602  |4 070  |9 9097 
801 0 |a UA  |b 63413507  |c 20011209  |g PSBO 
801 2 |a RU  |b 63413507  |c 20180312  |g PSBO 
942 |c BK